00549nam a2200181 a 450000100100000000500170001000800410002702000150006804000250008308200180010810000310012624500430015726000450020030000280024550000430027365000240031665000270034000002320720250716131306.0101130s1976 sp a r 000 0 spa d a8431504285 aDO-SdBNPbspacBNPHU a636.73bG633b1 aGómez Toldrá, Salvador13aEl boxer /cSalvador Gómez-Toldrá. aBarcelona, España :bDe Vecchi,c1976. a110 p. :bil. ;c21 cm. aIncluye notas al pie de las páginas. 4aPerros trabajadores 0aAnimales domésticos